[Event "Copenhagen KS"]
[Site "Copenhagen"]
[Date "1996.??.??"]
[Round "9"]
[White "Hector, Jonny"]
[Black "Sher, Miron N"]
[Result "0-1"]
[WhiteElo "2525"]
[BlackElo "2475"]
[PlyCount "140"]
[EventDate "1996.07.05"]
[Source "ChessBase"]

1. d4 c6 2. e4 d5 3. Nd2 dxe4 4. Nxe4 Bf5 5. Ng3 Bg6 6. h4 h6 7. Nf3 Nd7 8. h5
Bh7 9. Bd3 Bxd3 10. Qxd3 e6 11. Bf4 Qa5+ 12. c3 Ngf6 13. a4 Nd5 14. Bd2 Qc7 15.
Rh4 Bd6 16. Kf1 Be7 17. Re4 N7f6 18. Re2 O-O 19. Ne5 c5 20. dxc5 Bxc5 21. Qf3
Bd6 22. Rae1 Bxe5 23. Rxe5 Qc4+ 24. Kg1 Qg4 25. Qxg4 Nxg4 26. R5e4 Ngf6 27. Rh4
Rfd8 28. Ne4 a6 29. Re2 Nxe4 30. Rhxe4 b5 31. g4 Rdc8 32. Kf1 Rab8 33. Bc1 b4
34. c4 b3 35. a5 Nf6 36. Rd4 Rb4 37. Bd2 Rbxc4 38. Rd3 Rxg4 39. Rxb3 Nd5 40.
Rb7 Rh4 41. b4 Rc6 42. Be3 Rxb4 43. Rxb4 Nxb4 44. Rb2 Nd5 45. Rb8+ Kh7 46. Bb6
Nf4 47. Kg1 Nxh5 48. Ra8 Nf4 49. Rxa6 Nd5 50. Ra7 Nxb6 51. axb6 Kg6 52. Rb7 Kf6
53. Kg2 h5 54. f4 Rc3 55. Rc7 Rb3 56. b7 Kg6 57. Re7 f6 58. Kf2 e5 59. fxe5
fxe5 60. Ke2 Kf6 61. Rc7 g5 62. Kd2 h4 63. Kc2 Rb6 64. Kd3 Kf5 65. Rf7+ Kg4 66.
Ke4 Rb5 67. Rg7 h3 68. Rh7 Kg3 69. Rg7 g4 70. Kf5 e4+ 0-1

[Event "Gothenburg"]
[Site "Gothenburg"]
[Date "1996.??.??"]
[Round "2"]
[White "Schneider, Lars Ake"]
[Black "Hector, Jonny"]
[Result "0-1"]
[WhiteElo "2380"]
[BlackElo "2500"]
[PlyCount "76"]
[EventDate "1996.08.??"]
[Source "ChessBase"]

1. c4 Nf6 2. Nc3 e5 3. d3 Bb4 4. Bd2 O-O 5. a3 Bxc3 6. Bxc3 Re8 7. e3 d5 8.
cxd5 Nxd5 9. Nf3 Nxc3 10. bxc3 Qf6 11. e4 b6 12. Be2 Nd7 13. O-O Bb7 14. Qc2
Nc5 15. Rfe1 Rad8 16. Bf1 Bc6 17. Re3 a5 18. Rae1 Qd6 19. d4 Nd7 20. Bc4 Qxa3
21. Ng5 Re7 22. Qe2 Qd6 23. Rf3 Rf8 24. Nxh7 Kxh7 25. Rh3+ Kg8 26. Qh5 Qh6 27.
Qf5 g6 28. Rxh6 gxf5 29. Rxc6 Nb8 30. Rf6 exd4 31. Rxf5 Rd8 32. Rd1 Nc6 33. Rd5
Rxe4 34. Rxd8+ Nxd8 35. Rxd4 Rxd4 36. cxd4 Nc6 37. d5 Nb4 38. Bb3 b5 0-1

[Event "KS Sommerskak op"]
[Site "Copenhagen"]
[Date "1997.??.??"]
[Round "?"]
[White "Hellsten, Johan"]
[Black "Hector, Jonny"]
[Result "0-1"]
[WhiteElo "2485"]
[BlackElo "2500"]
[PlyCount "123"]
[EventDate "1997.??.??"]
[Source "ChessBase"]

1. d4 d5 2. c4 c6 3. Nf3 Nf6 4. e3 Bf5 5. Bd3 e6 6. Nc3 Be7 7. Bxf5 exf5 8.
cxd5 Nxd5 9. O-O O-O 10. Qb3 Nb6 11. Bd2 N8d7 12. a4 a5 13. e4 fxe4 14. Nxe4
Nf6 15. Nxf6+ Bxf6 16. Rac1 Be7 17. Rfe1 Bd6 18. Re4 Qc7 19. Rh4 Nd5 20. Qc2 f5
21. Re1 Bb4 22. Ne5 Bxd2 23. Qxd2 Rae8 24. Qd1 Qd8 25. Rh3 Nf4 26. Rf3 Ne6 27.
Qb3 Qd5 28. Qxd5 cxd5 29. Rd3 Rc8 30. Rd2 Rc7 31. g3 Rfc8 32. Re3 Rc1+ 33. Kg2
Ra1 34. Rc3 Re8 35. b3 Rb1 36. f4 h6 37. Nf3 g5 38. fxg5 hxg5 39. h4 g4 40. Ng5
Nxd4 41. Rc7 Nxb3 42. Rf2 Nd4 43. Rd7 Ree1 44. Rd2 f4 45. gxf4 Rg1+ 46. Kf2
Rbf1+ 47. Ke3 Nf5+ 48. Ke2 Re1+ 49. Kd3 Rg3+ 50. Kc2 Ne3+ 51. Kc3 Ng2+ 52. Kd4
Nxf4 53. Rf2 Rd3+ 54. Kc5 Rc3+ 55. Kb6 Rc4 56. Rf7 Ne6 57. Re7 Rb1+ 58. Ka7
Nxg5 59. hxg5 Rc6 60. Rff7 Ra6+ 61. Kb8 Rg6 62. Rc7 0-1

[Event "Petermaennchen op 1st"]
[Site "Schwerin"]
[Date "1997.??.??"]
[Round "?"]
[White "David, Adrian"]
[Black "Hector, Jonny"]
[Result "0-1"]
[WhiteElo "2320"]
[BlackElo "2470"]
[PlyCount "44"]
[EventDate "1997.??.??"]
[Source "ChessBase"]

1. d4 d5 2. e3 Bf5 3. c4 c6 4. Qb3 Qc7 5. cxd5 cxd5 6. Nc3 e6 7. Bd2 Nc6 8. Rc1
a6 9. Nf3 Nf6 10. Ne5 Bd6 11. Na4 O-O 12. Nxc6 bxc6 13. Qb6 Qe7 14. Bxa6 Ne4
15. Qxc6 Qh4 16. Rf1 Bxh2 17. Bb4 Nxf2 18. Bxf8 Rxf8 19. Be2 Ng4+ 20. Kd2 Nxe3
21. Rf3 Qxd4+ 22. Ke1 Nxg2+ 0-1

[Event "Petermaennchen op 1st"]
[Site "Schwerin"]
[Date "1997.??.??"]
[Round "?"]
[White "Hector, Jonny"]
[Black "Safin, Shukhrat"]
[Result "0-1"]
[WhiteElo "2470"]
[BlackElo "2510"]
[PlyCount "132"]
[EventDate "1997.??.??"]
[Source "ChessBase"]

1. e4 e5 2. Nc3 Nf6 3. Nf3 Nc6 4. g3 d5 5. exd5 Nxd5 6. Bg2 Nxc3 7. bxc3 Bc5 8.
O-O O-O 9. Re1 Re8 10. d4 exd4 11. Rxe8+ Qxe8 12. cxd4 Bb6 13. c4 Bg4 14. c5
Rd8 15. cxb6 Nxd4 16. Qxd4 Rxd4 17. Nxd4 Qe1+ 18. Bf1 axb6 19. Nb3 c5 20. Bd2
Qe8 21. Re1 Qd7 22. Be3 h6 23. h4 Bf3 24. Bg2 Bxg2 25. Kxg2 Qa4 26. Re2 Qe4+
27. Kh2 g5 28. hxg5 hxg5 29. Rb2 Qh7+ 30. Kg1 Qg7 31. Rd2 f5 32. Rd5 Qf6 33. g4
f4 34. Bc1 Qh6 35. Nd2 Qh4 36. Ne4 Qxg4+ 37. Kf1 Qh3+ 38. Ke2 Qh1 39. Rd8+ Kf7
40. Nxg5+ Ke7 41. Rd1 Qh5+ 42. Nf3 Qf5 43. Nd2 c4 44. f3 Qc2 45. Re1 Qxa2 46.
Kf1+ Kd7 47. Ne4 Qh2 48. Nf2 b5 49. Re4 Qh8 50. Bxf4 Qc3 51. Kg2 b4 52. Ng4
Qb2+ 53. Kg3 b5 54. Re5 Qb1 55. Nf6+ Kc6 56. Re6+ Kb7 57. Ne4 Qg1+ 58. Kh3 b3
59. Bh2 Qf1+ 60. Kh4 Kc8 61. Rc6+ Kd7 62. Rc7+ Kd8 63. Rh7 Qxf3 64. Bc7+ Ke8
65. Nd6+ Kf8 66. Kg5 b2 0-1

[Event "Petermaennchen op 1st"]
[Site "Schwerin"]
[Date "1997.??.??"]
[Round "?"]
[White "Kalinitschew, Sergey"]
[Black "Hector, Jonny"]
[Result "0-1"]
[WhiteElo "2525"]
[BlackElo "2470"]
[PlyCount "60"]
[EventDate "1997.??.??"]
[Source "ChessBase"]

1. Nf3 d5 2. g3 Bg4 3. Bg2 Nd7 4. c4 e6 5. cxd5 exd5 6. O-O c6 7. d3 Bc5 8. Nc3
Ne7 9. Qa4 Bh5 10. b4 Bb6 11. Bb2 O-O 12. Qb3 Nf5 13. Na4 Bxf3 14. Bxf3 Nd4 15.
Bxd4 Bxd4 16. Rac1 Ne5 17. Bg2 Ng4 18. e3 Nxe3 19. fxe3 Bxe3+ 20. Kh1 Bxc1 21.
Rxc1 Qg5 22. Rf1 Rae8 23. b5 Qd2 24. bxc6 Re1 25. h4 Rxf1+ 26. Bxf1 bxc6 27.
Bg2 f5 28. Qb1 f4 29. gxf4 Qxf4 30. Qc2 Re8 0-1

[Event "Petermaennchen op 1st"]
[Site "Schwerin"]
[Date "1997.??.??"]
[Round "?"]
[White "Maksimenko, Andrei"]
[Black "Hector, Jonny"]
[Result "0-1"]
[WhiteElo "2515"]
[BlackElo "2470"]
[PlyCount "90"]
[EventDate "1997.??.??"]
[Source "ChessBase"]

1. d4 d5 2. c4 c6 3. Nf3 Nf6 4. Nc3 dxc4 5. a4 Bf5 6. Ne5 Nbd7 7. Nxc4 Qc7 8.
g3 e5 9. dxe5 Nxe5 10. Bf4 Nfd7 11. Nxe5 Nxe5 12. Bg2 Rd8 13. Qc1 Bd6 14. O-O
Qe7 15. Qe3 O-O 16. Rad1 f6 17. Bxe5 Bxe5 18. Be4 Bh3 19. Bg2 Bxg2 20. Kxg2 Qb4
21. Rxd8 Rxd8 22. f4 Bd4 23. Qd2 Re8 24. Rf3 Bxc3 25. bxc3 Qxa4 26. Re3 Rxe3
27. Qxe3 Kf7 28. Qd3 Qa3 29. e4 Ke7 30. e5 Qa2+ 31. Kg1 fxe5 32. Qxh7 Qf7 33.
fxe5 b5 34. Qh4+ Ke6 35. Qe4 Qb7 36. g4 a5 37. Kf2 a4 38. Ke2 a3 39. Qf5+ Kd5
40. Kd3 a2 41. Qf1 Qd7 42. Kc2 Qxg4 43. Kb2 Kxe5 44. Qf7 Qg2+ 45. Ka1 Qh1+ 0-1

[Event "Politiken Cup"]
[Site "Copenhagen"]
[Date "1997.07.12"]
[Round "7"]
[White "Hector, Jonny"]
[Black "Sylvan, Jacob"]
[Result "0-1"]
[WhiteElo "2470"]
[BlackElo "2245"]
[PlyCount "78"]
[EventDate "1997.??.??"]
[Source "ChessBase"]

1. e4 c5 2. Nf3 d6 3. d4 cxd4 4. Nxd4 Nf6 5. Nc3 g6 6. Bc4 Bg7 7. O-O O-O 8.
Re1 Nc6 9. Bb3 Bd7 10. Bg5 h6 11. Nxc6 Bxc6 12. Bh4 Rc8 13. f4 a6 14. Qe2 Qa5
15. Rad1 Rfe8 16. e5 dxe5 17. fxe5 Nh5 18. Bf2 e6 19. Bd4 Nf4 20. Qg4 g5 21. h4
Nxg2 22. hxg5 h5 23. Qxh5 Nxe1 24. Rxe1 Rcd8 25. Rf1 Re7 26. Rxf7 Rxf7 27. Bxe6
Qc7 28. Be3 Re8 29. Bxf7+ Qxf7 30. g6 Qc4 31. Ne4 Bxe4 32. Qh7+ Kf8 33. Bh6
Qd4+ 34. Kf1 Qd1+ 35. Kf2 Qf3+ 36. Ke1 Qg3+ 37. Ke2 Qf3+ 38. Ke1 Qh1+ 39. Ke2
Qxh6 0-1

[Event "Politiken Cup"]
[Site "Copenhagen"]
[Date "1997.07.13"]
[Round "8"]
[White "Andersen, Ole Bo"]
[Black "Hector, Jonny"]
[Result "0-1"]
[WhiteElo "2100"]
[BlackElo "2470"]
[PlyCount "64"]
[EventDate "1997.??.??"]
[Source "ChessBase"]

1. d4 d5 2. c4 e6 3. Nf3 Nf6 4. Nc3 c6 5. Bg5 Nbd7 6. e3 Qa5 7. Nd2 Bb4 8. Rc1
Ne4 9. Ndxe4 dxe4 10. Bh4 Qxa2 11. Qc2 f5 12. Be2 Qa5 13. O-O O-O 14. f3 exf3
15. Rxf3 Nf6 16. Bxf6 Rxf6 17. e4 e5 18. d5 f4 19. Nd1 cxd5 20. cxd5 Bg4 21.
Rb3 Rc8 22. Qxc8+ Bxc8 23. Rxc8+ Rf8 24. Rc4 Qb6+ 25. Kh1 a5 26. Bg4 g6 27. h3
h5 28. Be6+ Kg7 29. Rc2 Qb5 30. Nf2 Qf1+ 31. Kh2 Kh6 32. Rd3 f3 0-1

[Event "Politiken Cup"]
[Site "Copenhagen"]
[Date "1997.07.15"]
[Round "10"]
[White "Stojanovski, Sandi"]
[Black "Hector, Jonny"]
[Result "0-1"]
[WhiteElo "2230"]
[BlackElo "2470"]
[PlyCount "118"]
[EventDate "1997.??.??"]
[Source "ChessBase"]

1. d4 d5 2. c4 e6 3. Nc3 c5 4. e3 Nf6 5. Nf3 a6 6. a3 dxc4 7. Bxc4 b5 8. Bd3
Bb7 9. O-O Nbd7 10. Qe2 Rc8 11. Rd1 Qc7 12. e4 cxd4 13. Nxd4 Bc5 14. Be3 Ne5
15. Bxb5+ axb5 16. Ndxb5 Qb8 17. Bxc5 Rxc5 18. Nd6+ Ke7 19. f4 Ng6 20. Qf2 Rc6
21. e5 Ne8 22. Nde4 f5 23. Nc5 Bc8 24. b4 Qb6 25. Rd4 Nc7 26. Rad1 Kf7 27. N5a4
Qa6 28. Qb2 Nb5 29. Nxb5 Qxb5 30. Nc3 Qb6 31. b5 Rc4 32. Qf2 Rxd4 33. Qxd4 Qa5
34. b6 Re8 35. Rb1 Bb7 36. Nb5 Kg8 37. Nd6 Re7 38. Qc4 Nf8 39. a4 Qd2 40. Nxb7
Rxb7 41. Qc6 Qd4+ 42. Kh1 Qd3 43. Rc1 Qa6 44. Rb1 Rb8 45. h3 Rc8 46. Qd6 Qb7
47. Qd2 Nd7 48. a5 Nb8 49. Qe2 h6 50. Kh2 Kh7 51. Rd1 Rc5 52. Rd6 Rxa5 53. Rxe6
Qe4 54. Qxe4 fxe4 55. Kg3 Nd7 56. f5 Rxe5 57. Rxe5 Nxe5 58. b7 Nd7 59. Kf4 Kg8
0-1

[Event "Politiken Cup"]
[Site "Copenhagen"]
[Date "1997.07.16"]
[Round "11"]
[White "Hector, Jonny"]
[Black "Richardson, John R"]
[Result "0-1"]
[WhiteElo "2470"]
[BlackElo "2260"]
[PlyCount "70"]
[EventDate "1997.??.??"]
[Source "ChessBase"]

1. e4 c6 2. d4 d5 3. e5 Bf5 4. g4 Bc8 5. Bg2 h5 6. gxh5 Nh6 7. Ne2 Bg4 8. Qd3
Bxe2 9. Qxe2 e6 10. c3 c5 11. c4 Nc6 12. cxd5 Nxd4 13. Qd3 Qh4 14. Be3 Nhf5 15.
Na3 exd5 16. Bxd4 Nxd4 17. Bxd5 O-O-O 18. Bg2 Rxh5 19. Nc4 Rf5 20. O-O-O Qg5+
21. Ne3 Rxf2 22. h4 Qxe5 23. Bh3+ Kb8 24. Nc4 Qf4+ 25. Kb1 Be7 26. h5 Nc6 27.
Bd7 Rxd7 28. Qxd7 Qxc4 29. Ka1 Rxb2 30. Qe8+ Kc7 31. Rd7+ Kb6 32. Kxb2 Qe2+ 33.
Ka3 Qe3+ 34. Ka4 Qe4+ 35. Kb3 Na5+ 0-1

[Event "Excelsior Cup"]
[Site "Gothenborg"]
[Date "1997.01.10"]
[Round "4"]
[White "Gleizerov, Evgeny"]
[Black "Hector, Jonny"]
[Result "0-1"]
[WhiteElo "2545"]
[BlackElo "2500"]
[PlyCount "70"]
[EventDate "1997.01.??"]
[Source "ChessBase"]

1. d4 d5 2. c4 c6 3. Nf3 Nf6 4. Nc3 e6 5. g3 dxc4 6. Bg2 b5 7. Ne5 Qb6 8. O-O
Bb7 9. a4 a6 10. e4 Nfd7 11. Nxd7 Nxd7 12. d5 Bc5 13. dxe6 fxe6 14. Bh3 Rf8 15.
Qe2 Bd4 16. Bxe6 Nc5 17. Bh3 Kf7 18. axb5 cxb5 19. Nd5 Qd8 20. Rd1 Nd3 21. Qh5+
Kg8 22. Be6+ Kh8 23. Bf5 Bxf2+ 24. Kg2 g6 25. Bxg6 Qd7 26. Nf4 Qg7 27. Bf5 Rxf5
28. Qxf5 Rf8 29. Qe6 Qd4 30. Nd5 Be1 31. Be3 Qxb2+ 32. Kg1 Bf2+ 33. Bxf2 Qxf2+
34. Kh1 Bc8 35. Qe7 Bh3 0-1

[Event "Excelsior Cup"]
[Site "Gothenborg"]
[Date "1997.??.??"]
[Round "9"]
[White "Hector, Jonny"]
[Black "Sjoberg, Mats"]
[Result "0-1"]
[WhiteElo "2500"]
[BlackElo "2430"]
[PlyCount "66"]
[EventDate "1997.01.??"]
[Source "ChessBase"]

1. e4 c5 2. Nf3 e6 3. d4 cxd4 4. Nxd4 Nc6 5. Nc3 Qc7 6. Be3 a6 7. Bd3 Nf6 8.
O-O Nxd4 9. Bxd4 Bc5 10. Be2 e5 11. Bxc5 Qxc5 12. a4 d6 13. Qd3 Be6 14. Rad1
Rd8 15. Kh1 O-O 16. f4 exf4 17. Qd2 d5 18. Rxf4 d4 19. Nb1 Qe5 20. Bf3 g5 21.
Rf5 Bxf5 22. Qxg5+ Kh8 23. exf5 Rfe8 24. Nd2 d3 25. cxd3 Rxd3 26. Rf1 Qxb2 27.
Nc4 Qd4 28. h3 Rg8 29. Qh6 Ne4 30. Re1 Ng3+ 31. Kh2 Rxf3 32. Nd6 Rxf5 33. Re8
Qg1+ 0-1

[Event "Viking op"]
[Site "Aaland-Stockholm"]
[Date "1997.??.??"]
[Round "?"]
[White "Ernst, Thomas"]
[Black "Hector, Jonny"]
[Result "0-1"]
[WhiteElo "2410"]
[BlackElo "2470"]
[PlyCount "76"]
[EventDate "1997.08.??"]
[Source "ChessBase"]

1. e4 e5 2. Nf3 Nc6 3. Bb5 a6 4. Ba4 Nf6 5. O-O Bc5 6. c3 b5 7. Bc2 d6 8. d4
Bb6 9. h3 Bb7 10. Re1 O-O 11. Bg5 h6 12. Bh4 Qe7 13. a4 Nd8 14. Na3 c6 15. Bb3
g5 16. Bg3 Bc7 17. Nc2 c5 18. dxe5 dxe5 19. Bd5 Nxd5 20. exd5 f6 21. axb5 axb5
22. Rxa8 Bxa8 23. Ne3 f5 24. Bh2 Bd6 25. g4 f4 26. Nf5 Rxf5 27. gxf5 Nf7 28.
Qd3 c4 29. Qe4 Kg7 30. Ra1 Bb7 31. Ra5 Qd7 32. Kf1 Bb8 33. Nd4 exd4 34. Qe6
Qxe6 35. dxe6 Nd6 36. cxd4 Kf6 37. Bg1 Bc7 38. Ra1 Nxf5 0-1

[Event "BL2-N 9798"]
[Site "Germany"]
[Date "1998.??.??"]
[Round "9.2"]
[White "Penzold, Andreas"]
[Black "Hector, Jonny"]
[Result "0-1"]
[WhiteElo "2310"]
[BlackElo "2470"]
[PlyCount "76"]
[EventDate "1997.10.??"]
[Source "ChessBase"]

1. c4 Nf6 2. Nc3 e5 3. g3 d5 4. cxd5 Nxd5 5. Bg2 Nb6 6. Nf3 Nc6 7. O-O Be7 8.
a3 Be6 9. b4 a5 10. b5 Nd4 11. Nxd4 exd4 12. Na4 Bd5 13. Nxb6 cxb6 14. Bb2 O-O
15. Qa4 Bxg2 16. Kxg2 Qd5+ 17. Kg1 Bc5 18. e3 Rad8 19. Rac1 h5 20. exd4 Bd6 21.
Qc4 Qf5 22. d5 Rfe8 23. Rce1 Bc5 24. d4 Bd6 25. Re5 Qf3 26. Rxe8+ Rxe8 27. a4
h4 28. Qc3 Qxd5 29. Re1 Rxe1+ 30. Qxe1 h3 31. Qf1 Qb3 32. Bc1 Qxa4 33. Be3 Qc2
34. Qxh3 a4 35. Qd7 Bf8 36. Qxb7 a3 37. Qa8 a2 38. Kg2 Qb1 0-1

[Event "Hellir op"]
[Site "Reykjavik"]
[Date "1997.10.25"]
[Round "2"]
[White "Karason, Askell Orn"]
[Black "Hector, Jonny"]
[Result "0-1"]
[WhiteElo "2305"]
[BlackElo "2470"]
[PlyCount "114"]
[EventDate "1997.10.24"]
[Source "ChessBase"]

1. d4 d5 2. c4 c6 3. e3 Bf5 4. Qb3 Qc7 5. cxd5 cxd5 6. Bd2 e6 7. Na3 Nc6 8. Nf3
Nf6 9. Rc1 a6 10. Ne5 Ne4 11. Nxc6 bxc6 12. Qa4 Bxa3 13. Qxa3 Nxd2 14. Kxd2 Kd7
15. Be2 Rhb8 16. Rc5 Qb6 17. b3 a5 18. Rhc1 Qb4+ 19. Qxb4 axb4 20. Rxc6 Rxa2+
21. Ke1 Rb7 22. Ba6 Ra7 23. Bb5 Ke7 24. Rc7+ Rxc7 25. Rxc7+ Kf6 26. Be2 Ra1+
27. Kd2 Rg1 28. g3 Rg2 29. Ke1 Rxh2 30. Rb7 h5 31. Rxb4 Rh1+ 32. Kd2 g5 33. Bf3
Rh2 34. Ke1 g4 35. Be2 Rh1+ 36. Kd2 Rb1 37. Rb8 Rb2+ 38. Ke1 Bb1 39. b4 Kf5 40.
b5 Ke4 41. Rf8 Bd3 42. Bxd3+ Kxd3 43. Kf1 f5 44. Rh8 Rxb5 45. Kg2 Rb1 46. Ra8
f4 47. Ra3+ Ke4 48. exf4 Kxd4 49. Re3 Rb6 50. Re5 Kc4 51. Kf1 d4 52. f5 exf5
53. Rxf5 Re6 54. Rxh5 d3 55. Ra5 d2 56. Ra1 Kd3 57. f3 Rc6 0-1

[Event "Hellir op"]
[Site "Reykjavik"]
[Date "1997.10.27"]
[Round "4"]
[White "Hector, Jonny"]
[Black "Keitlinghaus, Ludger"]
[Result "0-1"]
[WhiteElo "2470"]
[BlackElo "2525"]
[PlyCount "72"]
[EventDate "1997.10.24"]
[Source "ChessBase"]

1. e4 e5 2. Nf3 Nf6 3. Nc3 Nc6 4. g3 Bc5 5. Bg2 d6 6. d3 a6 7. O-O Be6 8. Be3
Bxe3 9. fxe3 Ne7 10. Qd2 Ng6 11. a4 a5 12. h3 h6 13. Rad1 Qd7 14. Kh2 c6 15. d4
Qc7 16. d5 cxd5 17. exd5 Bd7 18. Qd3 O-O 19. Nd2 Nh7 20. Be4 Qc5 21. g4 Ng5 22.
Bf5 Rad8 23. Kg3 Qb4 24. Ra1 Bxf5 25. Rxf5 Ne7 26. Rf2 f5 27. gxf5 Nxf5+ 28.
Rxf5 Rxf5 29. Qxf5 Qxb2 30. Rd1 Qxc3 31. Qd3 Qc8 32. Rh1 Rf8 33. h4 e4 34. Qe2
Nf3 35. Nxe4 Qf5 36. Rf1 Qe5+ 0-1

[Event "Hellir op"]
[Site "Reykjavik"]
[Date "1997.10.29"]
[Round "6"]
[White "Stefansson, Hannes"]
[Black "Hector, Jonny"]
[Result "0-1"]
[WhiteElo "2545"]
[BlackElo "2470"]
[PlyCount "82"]
[EventDate "1997.10.24"]
[Source "ChessBase"]

1. e4 e5 2. Nf3 Nc6 3. Bb5 a6 4. Ba4 Nf6 5. O-O Bc5 6. Nxe5 Nxe5 7. d4 b5 8.
dxe5 Nxe4 9. Bb3 Bb7 10. Bd5 Bxf2+ 11. Rxf2 Nxf2 12. Kxf2 Qh4+ 13. Kf1 Bxd5 14.
Qxd5 O-O 15. Nd2 Qxh2 16. Nf3 Qh1+ 17. Kf2 c6 18. Qd4 f6 19. b3 fxe5 20. Qxe5
Qh4+ 21. Kg1 Qg4 22. Qg5 h5 23. Qxg4 hxg4 24. Ne5 Rae8 25. Bb2 Rf5 26. Re1 c5
27. Bc3 Rg5 28. Nxd7 Rxe1+ 29. Bxe1 Kf7 30. c4 bxc4 31. bxc4 Ke6 32. Bd2 Rh5
33. Nb8 Ke5 34. Be3 Ke4 35. Bf2 a5 36. Nd7 Kd3 37. Bxc5 Kxc4 38. Bf8 Kb5 39.
Be7 Rd5 40. Nf8 g3 41. Kf1 Rf5+ 0-1

[Event "Eikrem mem"]
[Site "Gausdal"]
[Date "1998.08.02"]
[Round "2"]
[White "Ehrke, Michael"]
[Black "Hector, Jonny"]
[Result "0-1"]
[WhiteElo "2250"]
[BlackElo "2510"]
[PlyCount "62"]
[EventDate "1998.??.??"]
[Source "ChessBase"]

1. d4 d5 2. Nf3 Nf6 3. Bf4 c5 4. e3 Nc6 5. c3 Qb6 6. Qb3 c4 7. Qc2 Bf5 8. Qc1
h6 9. Nbd2 e6 10. Be2 Qa5 11. h3 b5 12. a3 Qb6 13. g4 Bh7 14. Ne5 Nxe5 15. Bxe5
Nd7 16. Bg3 Bd6 17. Bxd6 Qxd6 18. f4 g5 19. Nf3 Be4 20. Rf1 f6 21. Qd2 a5 22.
Bd1 h5 23. gxh5 gxf4 24. exf4 Rxh5 25. Ng5 Rh8 26. Nxe4 dxe4 27. Qg2 f5 28. a4
b4 29. Be2 Kf7 30. Bxc4 bxc3 31. bxc3 Qc6 0-1

[Event "Eikrem mem"]
[Site "Gausdal"]
[Date "1998.08.04"]
[Round "4"]
[White "Snarheim, Dagfinn"]
[Black "Hector, Jonny"]
[Result "0-1"]
[WhiteElo "2190"]
[BlackElo "2510"]
[PlyCount "58"]
[EventDate "1998.??.??"]
[Source "ChessBase"]

1. e4 e5 2. Nf3 Nc6 3. Bc4 Nf6 4. d4 exd4 5. e5 Ng4 6. Qe2 Qe7 7. Bf4 f6 8.
exf6 gxf6 9. Bxc7 d6 10. Bb5 Nge5 11. Nxd4 Qxc7 12. f4 Bg4 13. Qe3 Bh6 14. Qg3
Bd7 15. Bxc6 Nxc6 16. Nb5 Qa5+ 17. N1c3 Qb4 18. Nc7+ Kf7 19. Nxa8 Re8+ 20. Kf1
Rxa8 21. Nd5 Qxb2 22. Rd1 Qxc2 23. Qf3 Ne7 24. Ne3 Qc5 25. g4 Bc6 26. Qh3 Bxf4
27. Qxh7+ Ke8 28. Nf5 Nxf5 29. gxf5 Qc4+ 0-1

[Event "Eikrem mem"]
[Site "Gausdal"]
[Date "1998.08.06"]
[Round "6"]
[White "Mossakowski, Florian"]
[Black "Hector, Jonny"]
[Result "0-1"]
[WhiteElo "2215"]
[BlackElo "2510"]
[PlyCount "144"]
[EventDate "1998.??.??"]
[Source "ChessBase"]

1. e4 e5 2. Nf3 Nc6 3. Bb5 a6 4. Ba4 Nf6 5. O-O Bc5 6. c3 b5 7. Bb3 d6 8. d4
Bb6 9. Bg5 h6 10. Bh4 Qe7 11. a4 Bb7 12. axb5 axb5 13. Rxa8+ Bxa8 14. Re1 g5
15. Bg3 O-O 16. Na3 exd4 17. cxd4 Na5 18. e5 Ne4 19. exd6 cxd6 20. Nxb5 Qd7 21.
Ba4 Nxg3 22. hxg3 Nc4 23. Nc3 Qg4 24. Bb3 d5 25. Re2 Rc8 26. Qd3 Nd6 27. Bxd5
Bxd5 28. Nxd5 Rc1+ 29. Re1 Rxe1+ 30. Nxe1 Qxd4 31. Nxb6 Qxb6 32. g4 Qb4 33. Kf1
Nc4 34. Nc2 Qb5 35. b4 Ne3+ 36. Ke2 Nxc2 37. Qxb5 Nd4+ 38. Kd3 Nxb5 39. Kc4 Nc7
40. b5 Kf8 41. b6 Na6 42. Kd5 Ke7 43. Ke5 Nc5 44. Kd5 Nd7 45. b7 Nb8 46. Ke5
f6+ 47. Kd5 Kd7 48. f3 Nc6 49. Kc5 Nb8 50. Kd5 Ke7 51. Ke4 Ke6 52. Kd4 Nd7 53.
g3 Nb8 54. Ke4 Nc6 55. f4 Nb8 56. Kf3 Kd5 57. Ke3 Nd7 58. Kd2 Kd4 59. Kc2 Nb8
60. Kb3 Na6 61. Kc2 Ke4 62. Kc3 gxf4 63. gxf4 Kxf4 64. Kc4 Ke5 65. Kb5 Nb8 66.
Kc5 Ke6 67. Kd4 Nd7 68. Ke3 Kd6 69. Kf4 Kc7 70. Kf5 Kxb7 71. Kg6 Kc6 72. Kxh6
Ne5 0-1

[Event "Limhamn op"]
[Site "Limhamn"]
[Date "1998.??.??"]
[Round "?"]
[White "Bergre, Joachim"]
[Black "Hector, Jonny"]
[Result "0-1"]
[WhiteElo "2120"]
[BlackElo "2505"]
[PlyCount "54"]
[EventDate "1998.??.??"]
[Source "ChessBase"]

1. e4 e5 2. Nf3 Nc6 3. d4 exd4 4. Bc4 Nf6 5. O-O Nxe4 6. Re1 d5 7. Bxd5 Qxd5 8.
Nc3 Qh5 9. Nxe4 Be6 10. Bg5 Bd6 11. Nxd6+ cxd6 12. Bf4 Qd5 13. c3 Kd7 14. Nxd4
Nxd4 15. cxd4 g5 16. Be3 h5 17. Rc1 h4 18. h3 g4 19. hxg4 h3 20. f3 Bxg4 21.
Qa4+ b5 22. Qa5 Be6 23. Rc7+ Ke8 24. Rec1 hxg2 25. Rxa7 Rxa7 26. Qxa7 Kf8 27.
Bf4 Qxf3 0-1

[Event "Norrkoeping op"]
[Site "Norrkoeping"]
[Date "1998.??.??"]
[Round "2"]
[White "Pepic, Rizo"]
[Black "Hector, Jonny"]
[Result "0-1"]
[WhiteElo "2270"]
[BlackElo "2505"]
[PlyCount "66"]
[EventDate "1998.??.??"]
[Source "ChessBase"]

1. e4 e5 2. Nf3 Nc6 3. Bb5 Bc5 4. O-O Nd4 5. Nxd4 exd4 6. d3 c6 7. Bc4 d5 8.
exd5 cxd5 9. Bb5+ Kf8 10. c3 Qh4 11. b4 Bd6 12. f4 Bg4 13. Qc2 a6 14. Ba4 Rc8
15. a3 Ne7 16. Qb2 Qf6 17. cxd4 g5 18. Qf2 Rg8 19. Ra2 Rxc1 20. Rxc1 gxf4 21.
Bd1 Bh3 22. Bf3 Bxg2 23. Bxg2 f3 24. Rf1 Qf4 25. Qxf3 Qxh2+ 26. Kf2 Rg3 27. Ke1
Rxf3 28. Rxf3 Qg1+ 29. Bf1 Nc6 30. Rg2 Qxd4 31. Nd2 Be7 32. Rh3 Bh4+ 33. Ke2
Qe5+ 0-1

[Event "Norrkoeping op"]
[Site "Norrkoeping"]
[Date "1998.??.??"]
[Round "5"]
[White "Petrov, Marijan"]
[Black "Hector, Jonny"]
[Result "0-1"]
[WhiteElo "2380"]
[BlackElo "2505"]
[PlyCount "78"]
[EventDate "1998.??.??"]
[Source "ChessBase"]

1. e4 e5 2. Nf3 Nc6 3. Bb5 a6 4. Ba4 Nf6 5. O-O Bc5 6. c3 b5 7. Bb3 d6 8. d4
Bb6 9. Qd3 Bg4 10. Nbd2 O-O 11. Re1 Re8 12. h3 Bh5 13. d5 Nb8 14. Nf1 Bg6 15.
Ng3 Nbd7 16. Bc2 Nxe4 17. Nxe4 f5 18. Neg5 e4 19. Qd1 exf3 20. Ne6 Qf6 21. Bg5
Qf7 22. Qxf3 Ne5 23. Qf4 h6 24. Bh4 Bh7 25. Kh1 c6 26. g4 cxd5 27. Nxg7 Ng6 28.
Nxe8 Nxf4 29. Nf6+ Kh8 30. Nxh7 Ng6 31. Bg3 fxg4 32. Bxg6 Qf3+ 33. Kh2 Bxf2 34.
Rg1 Rg8 35. Bh5 Bxg1+ 36. Rxg1 Kxh7 37. Bxg4 Qf7 38. Rg2 h5 39. Rf2 Qxf2+ 0-1

[Event "SWE Cup f"]
[Site "Oerebro"]
[Date "1998.??.??"]
[Round "?"]
[White "Winsnes, Rikard"]
[Black "Hector, Jonny"]
[Result "0-1"]
[WhiteElo "2385"]
[BlackElo "2505"]
[PlyCount "44"]
[EventDate "1998.??.??"]
[Source "ChessBase"]

1. e4 e5 2. Nf3 Nc6 3. Nc3 Nf6 4. Bb5 Bd6 5. d4 Nxd4 6. Nxd4 exd4 7. Qxd4 Qe7
8. O-O O-O 9. h3 Be5 10. Qe3 c6 11. Bd3 Re8 12. Re1 d5 13. exd5 cxd5 14. f4 Bd4
15. Qxd4 Qxe1+ 16. Kh2 Nh5 17. Qxd5 Qg3+ 18. Kg1 Re1+ 19. Bf1 Be6 20. Qxb7 Re8
21. Ne4 Qg6 22. Nd2 Nxf4 0-1

[Event "SWE-chT 9899"]
[Site "Sweden"]
[Date "1998.??.??"]
[Round "5"]
[White "Laveryd, Peter"]
[Black "Hector, Jonny"]
[Result "0-1"]
[WhiteElo "2425"]
[BlackElo "2505"]
[PlyCount "52"]
[EventDate "1998.??.??"]
[Source "ChessBase"]

1. e4 e5 2. Nf3 Nc6 3. d4 exd4 4. Nxd4 Qf6 5. Nb3 Qg6 6. Qe2 Nf6 7. f3 Bb4+ 8.
c3 Be7 9. c4 O-O 10. Nc3 Re8 11. Be3 Bb4 12. Rc1 b5 13. cxb5 Ne5 14. a3 Bxc3+
15. Rxc3 d5 16. f4 Nxe4 17. fxe5 Nxc3 18. bxc3 Rxe5 19. Qd2 Bh3 20. Kf2 Rae8
21. Bf4 Re2+ 22. Qxe2 Rxe2+ 23. Kxe2 Bxg2 24. Rg1 Qe4+ 25. Be3 Bxf1+ 26. Rxf1
Qc4+ 0-1

[Event "Politiken Cup"]
[Site "Copenhagen"]
[Date "1998.07.05"]
[Round "2"]
[White "Olsen, Peter Erik"]
[Black "Hector, Jonny"]
[Result "0-1"]
[WhiteElo "2240"]
[BlackElo "2505"]
[PlyCount "58"]
[EventDate "1998.07.04"]
[Source "ChessBase"]

1. d4 d5 2. c4 e6 3. Nc3 c5 4. e3 Nf6 5. Nf3 a6 6. cxd5 exd5 7. Be2 c4 8. O-O
b5 9. Ne5 Bb7 10. e4 dxe4 11. b3 Bb4 12. Bb2 Bxc3 13. Bxc3 Nd5 14. Qd2 cxb3 15.
axb3 O-O 16. Rac1 f6 17. Ng4 Nc6 18. Bb2 Qe7 19. Rc5 Rad8 20. Rfc1 Qe6 21. Ne3
Nce7 22. Bd1 f5 23. Nxd5 Nxd5 24. Be2 Qg6 25. Re1 f4 26. Bf1 f3 27. g3 Rde8 28.
Qc2 Qg4 29. Bc1 e3 0-1